000 00937nam a2200349Ia 4500
005 20260514124344.0
008 008 261405s9999 xx 000 0 eng d
037 _aThesis
040 _aCRL
040 _beng
040 _cCRL
041 _2eng
041 _aeng
084 _qCRL
100 _aKamble Dr.Payal
_91239528
245 0 _aStudy of Nasal Bacterial Colonisation in Cases of Epistaxis in Children.
260 _aDelhi
260 _bUniversity of Delhi
260 _c2015
300 _a52p.
502 _bPh.D.
502 _cUniversity of Delhi
502 _d2015
541 _oThesis
650 _aOtorhinolaryngology and Head and Neck Surgery
_91239510
700 _aDr.Sonal Saxena
_91239493
700 _aDr.Sunik Kumar,
_91239529
700 _aDr.Sunil Kumar
_91239530
710 _aOtorhinolaryngology and Head and Neck Surgery
_91239512
942 _cTH
999 _c1851721
_d1851721